Money and credit as areas of conflict in Colonial India (Record no. 476270)

000 -LEADER
fixed length control field 00456cam a22001457a 4500
008 - FIXED-LENGTH DATA ELEMENTS--GENERAL INFORMATION
fixed length control field 180718b1982 xxu||||| |||| 00| 0 eng d
082 ## - DEWEY DECIMAL CLASSIFICATION NUMBER
Classification number T41x54 B146
100 ## - MAIN ENTRY--PERSONAL NAME
Personal name Bagchi, Amiya Kumar
245 ## - TITLE STATEMENT
Title Money and credit as areas of conflict in Colonial India
Statement of responsibility, etc. by Amiya Kumar Bagchi
260 ## - PUBLICATION, DISTRIBUTION, ETC.
Place of publication, distribution, etc. Calcutta
Name of publisher, distributor, etc. Centre for Studies in Social Sciences
Date of publication, distribution, etc. 1982
300 ## - PHYSICAL DESCRIPTION
Extent 18.p
440 ## - SERIES STATEMENT/ADDED ENTRY--TITLE
Title Occasional Paper,51
650 ## - SUBJECT ADDED ENTRY--TOPICAL TERM
Topical term or geographic name entry element Credit - India
650 ## - SUBJECT ADDED ENTRY--TOPICAL TERM
Topical term or geographic name entry element Money - India
Holdings
Withdrawn status Lost status Damaged status Not for loan Permanent Location Current Location Date acquired Full call number Barcode Date last seen Price effective from Koha item type
        Indian Institute of Public Administration Indian Institute of Public Administration 2018-08-04 T41x54 B146 GR11450 2018-08-04 2018-08-04 GR

Powered by Koha